000 01016pam a2200301 a 4500
999 _c10924
_d10924
001 2909947
003 OSt
005 20191224115531.0
008 880630s1989 nyua b 001 0 eng
010 _a 88013317
020 _a9780070596931
020 _a007059693X
040 _aDLC
_cDLC
_dDLC
043 _an-us---
050 0 0 _aHJ257.2
_b.M87 1989
082 0 0 _a336.73
_219
_bMUS/P
100 1 _aMusgrave, Richard A.
_q(Richard Abel),
_d1910-2007
_9721
245 1 0 _aPublic finance in theory and practice /
_cRichard A. Musgrave, Peggy B. Musgrave.
250 _a5th ed.
260 _aNew York :
_bMcGraw-Hill Book Co.,
_cc1989.
300 _axvi, 627 p. :
_bill. ;
_c25 cm.
504 _aIncludes bibliographical references and index.
650 0 _aFinance, Public
_zUnited States.
700 1 _aMusgrave, Peggy B.
_9722
906 _a7
_bcbc
_corignew
_d1
_eocip
_f19
_gy-gencatlg
942 _2ddc
_cBK
_h336.73
_iMUS/P
_k336.73
_mMUS/P